[Event "Open SSM A Agosto"]
[Site "Milano ITA"]
[Date "2011.08.02"]
[Round "6"]
[White "Bemporad, Filippo"]
[Black "Moroni, Luca jr"]
[Result "1-0"]
[WhiteElo "2068"]
[BlackElo "1964"]
[PlyCount "59"]
[EventDate "2011.07.29"]

1. d4 d5 2. Nf3 Nf6 3. g3 e6 4. Bg2 Be7 5. O-O O-O 6. c4 c6 7. Nc3 Nbd7 8. Nd2
b6 9. e4 dxe4 10. Ndxe4 Bb7 11. Bf4 Nxe4 12. Nxe4 Nf6 13. Qc2 Nxe4 14. Bxe4 g6
15. Rad1 Bf6 16. h4 Qe7 17. Rfe1 Rfc8 18. b3 Qf8 19. Qd2 Rd8 20. Qe3 Qg7 21.
Bh6 Qh8 22. d5 exd5 23. cxd5 c5 24. Qf3 Bc3 25. d6 Bxe4 26. Rxe4 Be5 27. Qe2
Bg7 28. d7 Bxh6 29. Re8+ Bf8 30. Qe7 1-0

[Event "Open SSM A Agosto"]
[Site "Milano ITA"]
[Date "2011.08.02"]
[Round "6"]
[White "Villalba, Fernando"]
[Black "Cazzaniga, Walter"]
[Result "0-1"]
[WhiteElo "1817"]
[BlackElo "2088"]
[PlyCount "76"]
[EventDate "2011.07.29"]

1. d4 f5 2. Nf3 Nf6 3. Bf4 g6 4. e3 Bg7 5. c3 O-O 6. Be2 d6 7. O-O e6 8. Nbd2
Qe7 9. h3 Nc6 10. Bh2 Nd8 11. Bc4 Nf7 12. Bb3 g5 13. Bg3 Kh8 14. Nh2 e5 15.
Bxf7 Rxf7 16. dxe5 dxe5 17. Nhf3 Ne8 18. Re1 e4 19. Nd4 Bd7 20. Nf1 c5 21. Ne2
Bb5 22. a4 Bd3 23. Nc1 c4 24. Nxd3 cxd3 25. Nd2 Be5 26. Bxe5+ Qxe5 27. Qb3 Rg7
28. Qb5 Qe6 29. Qc4 Qh6 30. Nf1 Nd6 31. Qd4 f4 32. Nh2 Rf8 33. Ng4 Qg6 34. Ne5
Qe6 35. Ng4 h5 36. Qe5 Qg6 37. Nh2 Re8 38. Qd4 g4 0-1

[Event "Open SSM A Agosto"]
[Site "Milano ITA"]
[Date "2011.08.02"]
[Round "6"]
[White "Di Chiara, Mauro"]
[Black "Gonella, Daniele"]
[Result "0-1"]
[WhiteElo "1951"]
[BlackElo "2067"]
[PlyCount "104"]
[EventDate "2011.07.29"]

1. Nf3 Nf6 2. c4 e6 3. d4 d5 4. Nc3 Be7 5. cxd5 exd5 6. Bg5 c6 7. Qc2 O-O 8. e3
Bg4 9. Ne5 Bh5 10. Bd3 Bg6 11. Nxg6 fxg6 12. O-O Nbd7 13. Rab1 Ng4 14. Bxe7
Qxe7 15. e4 dxe4 16. Nxe4 Nb6 17. h3 Nf6 18. Nc5 Rfe8 19. Rfe1 Qf7 20. Re5 Rad8
21. Rbe1 Nbd5 22. Qb3 b5 23. a4 Nf4 24. Rxe8+ Nxe8 25. Qxf7+ Kxf7 26. axb5 Nxd3
27. Nxd3 cxb5 28. Ne5+ Kf8 29. Ra1 Ra8 30. Nd7+ Kg8 31. Nb6 Rb8 32. Nd7 Rb7 33.
Nc5 Re7 34. Kf1 Nd6 35. Re1 Rxe1+ 36. Kxe1 a5 37. Kd2 Kf7 38. Kd3 Kf6 39. Ne4+
Nxe4 40. Kxe4 Ke6 41. Kd3 Kd5 42. Kc3 g5 43. g3 Ke4 44. f3+ Kd5 45. Kd3 h5 46.
g4 h4 47. Kc3 b4+ 48. Kb3 Kxd4 49. Ka4 Kd3 50. Kxa5 b3 51. Kb4 Kc2 52. Ka3 g6
0-1

[Event "Open SSM A Agosto"]
[Site "Milano ITA"]
[Date "2011.08.02"]
[Round "6"]
[White "Miracola, Massimiliano"]
[Black "Guzzetti, Luigi Enrico"]
[Result "0-1"]
[WhiteElo "2038"]
[BlackElo "1962"]
[PlyCount "76"]
[EventDate "2011.07.29"]

1. e4 c5 2. Nf3 e6 3. d4 cxd4 4. Nxd4 a6 5. Nc3 Qc7 6. Bd3 Nf6 7. O-O Nc6 8.
Be3 Be7 9. Kh1 O-O 10. f4 d6 11. Qf3 e5 12. Nde2 Bg4 13. Qg3 Bxe2 14. Bxe2 Nd4
15. Bd1 Kh8 16. fxe5 Qc4 17. Bxd4 Qxf1+ 18. Bg1 dxe5 19. Rb1 Qf4 20. Qe1 Bb4
21. Bf3 Qg5 22. a3 Bxc3 23. Qxc3 Rac8 24. Qb3 b5 25. a4 bxa4 26. Qxa4 Qd2 27.
c3 Rb8 28. Bc5 Rfe8 29. Bb4 Ra8 30. Ba3 Qd3 31. Rd1 Qb5 32. Qc2 Red8 33. Rc1
Qd3 34. Qa4 Qe3 35. b3 Rd3 36. Qc6 Rad8 37. h3 Qf4 38. Re1 Rxf3 0-1

[Event "Open SSM A Agosto"]
[Site "Milano ITA"]
[Date "2011.08.02"]
[Round "6"]
[White "Tagliaferri, Valerio"]
[Black "Rota, Simone"]
[Result "1-0"]
[WhiteElo "1859"]
[BlackElo "2020"]
[PlyCount "105"]
[EventDate "2011.07.29"]

1. c4 e6 2. Nc3 d5 3. d4 Be7 4. Nf3 c6 5. b3 Nf6 6. e3 O-O 7. Bd3 dxc4 8. bxc4
c5 9. Bb2 cxd4 10. exd4 b6 11. O-O Bb7 12. Qe2 Nc6 13. Ne4 Na5 14. Rac1 Rc8 15.
Ne5 Nxe4 16. Bxe4 Bxe4 17. Qxe4 Qd6 18. c5 bxc5 19. dxc5 Qc7 20. c6 Bd6 21. Rc2
Rfe8 22. Rfc1 f6 23. Nf3 Bf4 24. Rd1 f5 25. Qa4 Red8 26. Rd7 Qb6 27. Rxg7+ Kf8
28. Qa3+ Bd6 29. Qc3 e5 30. Rxh7 Kg8 31. Nxe5 Bxe5 32. Rg7+ Kh8 33. Qh3+ Kxg7
34. Bxe5+ Kg6 35. Qg3+ Kf7 36. Qg7+ Ke6 37. Qf6+ Kd5 38. Bb2 Nxc6 39. Qxf5+ Kd6
40. Qf4+ Ke6 41. Re2+ Kd5 42. Rd2+ Kc5 43. Ba3+ Kb5 44. Rb2+ Ka5 45. Qf5+ Ka6
46. Rxb6+ axb6 47. g4 Nd4 48. Qd3+ b5 49. Be7 Rd5 50. Bf6 Rc4 51. Qe4 Rd7 52.
g5 Nc2 53. Qe6+ 1-0

[Event "Open SSM A Agosto"]
[Site "Milano ITA"]
[Date "2011.08.02"]
[Round "6"]
[White "Pelizzola, Danilo"]
[Black "D'Avino, Luca"]
[Result "1-0"]
[WhiteElo "2016"]
[BlackElo "1848"]
[PlyCount "45"]
[EventDate "2011.07.29"]

1. e4 c5 2. Nf3 d6 3. Bb5+ Nd7 4. O-O e6 5. Re1 Ngf6 6. d4 cxd4 7. Qxd4 Be7 8.
Nc3 O-O 9. Bg5 Qa5 10. e5 dxe5 11. Nxe5 Bc5 12. Qh4 Nxe5 13. Rxe5 Bxf2+ 14.
Kxf2 Ng4+ 15. Qxg4 f6 16. Ree1 fxg5+ 17. Kg1 Qb6+ 18. Kh1 a6 19. Bd3 Qxb2 20.
Na4 Qf6 21. Rf1 Qe7 22. Rxf8+ Qxf8 23. Nb6 1-0

[Event "Open SSM A Agosto"]
[Site "Milano ITA"]
[Date "2011.08.02"]
[Round "6"]
[White "Bisignano, Giuseppe"]
[Black "Rossi, Giampiero"]
[Result "1/2-1/2"]
[WhiteElo "1921"]
[BlackElo "1917"]
[PlyCount "77"]
[EventDate "2011.07.29"]

1. e4 c5 2. Nf3 e6 3. d3 d6 4. g3 Nc6 5. Bg2 Nf6 6. O-O Be7 7. Re1 O-O 8. c3 a6
9. a4 Qc7 10. Na3 Bd7 11. Bd2 Rfd8 12. Qe2 Be8 13. b4 d5 14. b5 axb5 15. axb5
Na5 16. Reb1 c4 17. Bf4 Qc8 18. dxc4 Nxe4 19. Qd3 Bxa3 20. Rxa3 Qxc4 21. Ne5
Qxd3 22. Nxd3 Nc4 23. Rxa8 Rxa8 24. Bxe4 dxe4 25. Nc5 e5 26. Be3 Nd6 27. c4
Nxc4 28. Nxe4 f5 29. Nc5 Ra5 30. Nxb7 Rxb5 31. Rxb5 Bxb5 32. Bc5 Bc6 33. Nd6
Nxd6 34. Bxd6 e4 35. Kf1 Kf7 36. Ke2 Ke6 37. Bf4 Kf6 38. Ke3 g5 39. Bc7 1/2-1/2

[Event "Open SSM A Agosto"]
[Site "Milano ITA"]
[Date "2011.08.02"]
[Round "6"]
[White "Regorda, Vittorio"]
[Black "Poletto, Daniele"]
[Result "1/2-1/2"]
[WhiteElo "1880"]
[BlackElo "1803"]
[PlyCount "87"]
[EventDate "2011.07.29"]

1. d4 Nf6 2. c4 g6 3. Nc3 Bg7 4. e4 d6 5. f3 O-O 6. Be3 e5 7. d5 Nh5 8. g4 Nf4
9. h4 f5 10. gxf5 gxf5 11. Bxf4 exf4 12. Bd3 Na6 13. Kd2 Nc5 14. Qc2 Nxd3 15.
Qxd3 a6 16. Rf1 fxe4 17. fxe4 b5 18. Kc2 bxc4 19. Qd2 Qf6 20. Nf3 Bd7 21. Rfg1
Rab8 22. Qd4 Qxd4 23. Nxd4 f3 24. Rg3 f2 25. Rf1 Rbe8 26. Ne6 Bxe6 27. dxe6
Rxe6 28. Rg2 Kh8 29. Rgxf2 Rxf2+ 30. Rxf2 Bxc3 31. Kxc3 Rxe4 32. Rf7 Rxh4 33.
Rxc7 Rg4 34. Rc6 h5 35. Rxd6 Kg7 36. Rxa6 h4 37. Re6 h3 38. Re1 Kf6 39. Rh1 Rh4
40. b3 cxb3 41. axb3 Ke6 42. Kd3 Kd5 43. Ke3 Rb4 44. Kf3 1/2-1/2

[Event "Open SSM A Agosto"]
[Site "Milano ITA"]
[Date "2011.08.03"]
[Round "7"]
[White "Cazzaniga, Walter"]
[Black "Cani, Gazmir"]
[Result "1-0"]
[WhiteElo "2088"]
[BlackElo "2114"]
[PlyCount "95"]
[EventDate "2011.07.29"]

1. d4 Nf6 2. c4 g6 3. Nc3 d5 4. Nf3 Bg7 5. Qb3 dxc4 6. Qxc4 O-O 7. e4 Na6 8.
Qa4 c5 9. d5 Qb6 10. Bxa6 bxa6 11. O-O e6 12. Bg5 Bd7 13. Qa3 exd5 14. Bxf6
Qxf6 15. Nxd5 Qxb2 16. Qxc5 Qb5 17. Rac1 Qxc5 18. Rxc5 Rac8 19. Rc7 Bb5 20. Re1
Ra8 21. g4 Rfd8 22. g5 Rd7 23. Rec1 h6 24. h4 Rxc7 25. Rxc7 Bd3 26. gxh6 Bxh6
27. Ng5 Bxg5 28. hxg5 Kg7 29. Nf6 a5 30. f4 a4 31. a3 a5 32. Kf2 Rh8 33. e5 Bf5
34. Ra7 Rd8 35. Rxa5 Bc2 36. Ra7 Bb3 37. Ke3 Kf8 38. Nd7+ Kg7 39. Nc5 Rc8 40.
Kd4 Rd8+ 41. Kc3 Rc8 42. Kb4 Rb8+ 43. Rb7 Re8 44. Nxb3 axb3 45. Kxb3 Kf8 46. a4
Rc8 47. a5 Rc1 48. a6 1-0

[Event "Open SSM A Agosto"]
[Site "Milano ITA"]
[Date "2011.08.03"]
[Round "7"]
[White "Gonella, Daniele"]
[Black "Gongalov, Bojan"]
[Result "1/2-1/2"]
[WhiteElo "2067"]
[BlackElo "2045"]
[PlyCount "84"]
[EventDate "2011.07.29"]

1. e4 Nf6 2. Nc3 d5 3. exd5 Nxd5 4. Bc4 Nb6 5. Bb3 Nc6 6. Nf3 Bf5 7. d4 e6 8.
O-O Qd7 9. a4 a6 10. a5 Nd5 11. Nxd5 exd5 12. Ba4 f6 13. Qe2+ Be4 14. Nd2 O-O-O
15. Nxe4 Re8 16. Nxf6 gxf6 17. Qf3 Bd6 18. Bf4 Qf5 19. Bxd6 Qxf3 20. gxf3 cxd6
21. Bxc6 bxc6 22. Rfe1 Reg8+ 23. Kf1 Kd7 24. Re3 Rg7 25. Raa3 Rb8 26. Rab3 Rb5
27. Rxb5 cxb5 28. b4 f5 29. f4 Rg6 30. c3 Rg7 31. Rh3 Ke6 32. Rh6+ Ke7 33. h3
Rf7 34. Kg2 Rg7+ 35. Kf3 Kd7 36. Rf6 Re7 37. Rxf5 Ke6 38. Rh5 Rc7 39. Kg4 Rxc3
40. Rh6+ Kd7 41. Rxh7+ Kc6 42. f5 Rg3+ 1/2-1/2

[Event "Open SSM A Agosto"]
[Site "Milano ITA"]
[Date "2011.08.03"]
[Round "7"]
[White "Quaranta, Cristiano"]
[Black "Guzzetti, Luigi Enrico"]
[Result "1/2-1/2"]
[WhiteElo "2140"]
[BlackElo "1962"]
[PlyCount "66"]
[EventDate "2011.07.29"]

1. d4 Nf6 2. c4 g6 3. Nc3 Bg7 4. Nf3 O-O 5. Bg5 d6 6. e3 Nbd7 7. Be2 c6 8. O-O
Qc7 9. Qc2 a6 10. a4 e5 11. dxe5 Nxe5 12. Rfd1 Be6 13. b3 Nxf3+ 14. Bxf3 d5 15.
Bf4 Qc8 16. cxd5 Nxd5 17. Bxd5 cxd5 18. Rac1 Qxc3 19. Qxc3 Bxc3 20. Rxc3 Rac8
21. Rcd3 Kg7 22. h4 h5 23. Be5+ f6 24. Bd4 Rc2 25. b4 Rfc8 26. a5 R8c4 27. Rb3
Ra2 28. b5 Rxa5 29. bxa6 bxa6 30. Rb7+ Kf8 31. Bxf6 Rb5 32. Ra7 Bc8 33. Bd4 Bb7
1/2-1/2

[Event "Open SSM A Agosto"]
[Site "Milano ITA"]
[Date "2011.08.03"]
[Round "7"]
[White "Moroni, Luca jr"]
[Black "Pelizzola, Danilo"]
[Result "1/2-1/2"]
[WhiteElo "1964"]
[BlackElo "2016"]
[PlyCount "87"]
[EventDate "2011.07.29"]

1. e4 e5 2. Nf3 Nc6 3. d4 exd4 4. Bc4 Bc5 5. c3 d3 6. Qxd3 d6 7. O-O Be6 8.
Bxe6 fxe6 9. b4 Bb6 10. a4 a6 11. Nbd2 Nf6 12. Bb2 O-O 13. Nb3 Qe7 14. b5 axb5
15. axb5 Rxa1 16. Rxa1 Ne5 17. Nxe5 dxe5 18. Qe2 Rd8 19. h3 Qf7 20. Nd2 Qg6 21.
Kh2 Qg5 22. Bc1 Qf4+ 23. Kg1 Rf8 24. Qf3 Qh4 25. Ba3 Ra8 26. Bb2 Rxa1+ 27. Bxa1
Qg5 28. Qd3 Qf4 29. Nf3 h6 30. c4 Nxe4 31. Bxe5 Bxf2+ 32. Kf1 Qf5 33. Qd8+ Kh7
34. Qxc7 Qg6 35. Qxb7 Bc5 36. Qc7 Ng3+ 37. Bxg3 Qd3+ 38. Ke1 Qb1+ 39. Ke2 Qe4+
40. Kf1 Qb1+ 41. Ke2 Qb2+ 42. Kd1 Qb3+ 43. Ke1 Qb1+ 44. Kd2 1/2-1/2

[Event "Open SSM A Agosto"]
[Site "Milano ITA"]
[Date "2011.08.03"]
[Round "7"]
[White "Villalba, Fernando"]
[Black "Tagliaferri, Valerio"]
[Result "1-0"]
[WhiteElo "1817"]
[BlackElo "1859"]
[PlyCount "71"]
[EventDate "2011.07.29"]

1. d4 Nf6 2. Nf3 e6 3. Bf4 d5 4. e3 Bd6 5. Ne5 c6 6. c3 Qc7 7. Nd2 b6 8. Be2
Nbd7 9. Ndf3 Bb7 10. h3 h6 11. Rc1 Rc8 12. O-O O-O 13. c4 Rfe8 14. a3 a5 15.
Bd3 Qb8 16. Rb1 dxc4 17. Bxc4 c5 18. Bb5 Red8 19. Bxd7 Bxf3 20. Qxf3 Nxd7 21.
Nxf7 e5 22. Nxd8 exf4 23. Qd5+ Kh7 24. Qf5+ Kg8 25. Qf7+ Kh8 26. Ne6 Rg8 27.
Qxd7 fxe3 28. fxe3 cxd4 29. exd4 Bh2+ 30. Kh1 Qg3 31. Rf3 Qg6 32. Rbf1 Bb8 33.
Rf8 Qg3 34. Rxg8+ Kxg8 35. Rf8+ Kh7 36. Qxg7+ 1-0

[Event "Open SSM A Agosto"]
[Site "Milano ITA"]
[Date "2011.08.03"]
[Round "7"]
[White "Poletto, Daniele"]
[Black "Miracola, Massimiliano"]
[Result "0-1"]
[WhiteElo "1803"]
[BlackElo "2038"]
[PlyCount "40"]
[EventDate "2011.07.29"]

1. c4 e5 2. Nc3 Nf6 3. g3 Nc6 4. Bg2 Bc5 5. e3 O-O 6. Nge2 Re8 7. O-O e4 8. b3
a5 9. d3 exd3 10. Nf4 d6 11. Nxd3 Ba7 12. Bb2 Bg4 13. Qd2 Qd7 14. Nb5 Bb6 15.
Bxf6 gxf6 16. Qb2 Ne5 17. Nxe5 fxe5 18. Bxb7 c6 19. Bxa8 Rxa8 20. Nc3 Bf3 0-1

[Event "Open SSM A Agosto"]
[Site "Milano ITA"]
[Date "2011.08.03"]
[Round "7"]
[White "Rossi, Giampiero"]
[Black "Di Chiara, Mauro"]
[Result "0-1"]
[WhiteElo "1917"]
[BlackElo "1951"]
[PlyCount "90"]
[EventDate "2011.07.29"]

1. d4 g6 2. c4 Bg7 3. Nc3 d6 4. g3 Nf6 5. Bg2 O-O 6. Nf3 Nc6 7. O-O Bf5 8. d5
Na5 9. Nd4 Bd7 10. Qd3 c5 11. dxc6 Nxc6 12. Nxc6 Bxc6 13. e4 a6 14. h3 Qa5 15.
Be3 b5 16. cxb5 axb5 17. Rfd1 b4 18. Nd5 Nxd5 19. exd5 Bb5 20. Qd2 Rfc8 21. Bd4
Bxd4 22. Qxd4 Rc2 23. Re1 Qa7 24. Qxa7 Rxa7 25. b3 Kf8 26. Re4 Rcxa2 27. Rxa2
Rxa2 28. Rxb4 Ra1+ 29. Kh2 Bf1 30. Bf3 Ra2 31. Kg1 Bxh3 32. Rh4 Ra1+ 33. Kh2
Bf5 34. Rxh7 Rb1 35. Rh8+ Kg7 36. Rb8 Kf6 37. b4 Bd3 38. Rb7 Bc4 39. Kg2 Rb3
40. Be4 Rb2 41. Kf3 Rd2 42. Ke3 Rd1 43. Bf3 Rd3+ 44. Ke4 Rxf3 45. Rc7 Be2 0-1

[Event "Open SSM A Agosto"]
[Site "Milano ITA"]
[Date "2011.08.03"]
[Round "7"]
[White "Rota, Simone"]
[Black "Bisignano, Giuseppe"]
[Result "1-0"]
[WhiteElo "2020"]
[BlackElo "1921"]
[PlyCount "100"]
[EventDate "2011.07.29"]

1. d4 Nf6 2. c4 e6 3. Nf3 c5 4. d5 d6 5. Nc3 e5 6. e4 Be7 7. g3 Nbd7 8. Bg2 O-O
9. O-O a6 10. Nh4 g6 11. f4 exf4 12. Bxf4 Ne5 13. Bxe5 dxe5 14. Nf3 Qd6 15. Qd2
Bd7 16. a4 Nh5 17. Rae1 b5 18. axb5 axb5 19. cxb5 c4 20. Kh1 f6 21. Qe3 Qb4 22.
Re2 Bc5 23. Qc1 Bd4 24. Rc2 Bxc3 25. Rxc3 Bxb5 26. Nd2 Ra2 27. Nxc4 Rc8 28. b3
Rca8 29. Qe3 Re2 30. Qf3 Raa2 31. Rg1 Rxe4 32. Nd6 Ree2 33. Rc8+ Kg7 34. Rc7+
Kf8 35. Nxb5 Qxb5 36. d6 e4 37. Qg4 Ra8 38. Qe6 Nxg3+ 39. hxg3 Qh5+ 40. Bh3
Qf3+ 41. Rg2 Ra1+ 42. Kh2 Rxg2+ 43. Bxg2 Qh5+ 44. Qh3 Qxh3+ 45. Kxh3 Rd1 46.
Bxe4 Rxd6 47. Rxh7 f5 48. Bc2 Rc6 49. Bd3 Rc3 50. Bc4 g5 1-0